| 000 | 00594cam a2200205 a 4500 | ||
|---|---|---|---|
| 001 | 000001519 | ||
| 005 | 20200929145615.0 | ||
| 008 | 760130s1969 sp 000 0 spa | ||
| 020 | _a8423308022 | ||
| 040 |
_aDO-SdBNP _bspa _cBNPHU |
||
| 082 |
_a863.42 _bF363b, 1969 |
||
| 100 | 1 |
_aFernández Santos, Jesús _93532 |
|
| 245 | 1 | 4 |
_aLos bravos / _cJesús Fernández Santos. |
| 250 | _a3a ed. | ||
| 260 |
_aBarcelona : _bDestino, _c1969. |
||
| 300 |
_a236 p. ; _c19 cm. |
||
| 440 | 0 |
_aÁncora y delfín ; _vno. 174 _94704 |
|
| 650 | 4 |
_aNovela española _91123 |
|
| 650 | 4 |
_aLiteratura española _9632 |
|
| 999 |
_c1423 _d1423 |
||